| 000 -LEADER |
| fixed length control field |
00344cam a22001097a 4500 |
| 008 - FIXED-LENGTH DATA ELEMENTS--GENERAL INFORMATION |
| fixed length control field |
180718b1967 xxu||||| |||| 00| 0 eng d |
| 082 ## - DEWEY DECIMAL CLASSIFICATION NUMBER |
| Classification number |
R706x71 C16p |
| 245 ## - TITLE STATEMENT |
| Title |
Task force on labour relations: progress report |
| Statement of responsibility, etc. |
by Privy Council Office |
| 260 ## - PUBLICATION, DISTRIBUTION, ETC. |
| Place of publication, distribution, etc. |
Ottawa |
| Name of publisher, distributor, etc. |
Privy Council Office |
| Date of publication, distribution, etc. |
1967 |
| 300 ## - PHYSICAL DESCRIPTION |
| Extent |
v.p. |
| 700 ## - ADDED ENTRY--PERSONAL NAME |
| Personal name |
Canada. Privy Council Office |